000 00461nam a2200181Ia 4500
001 17778
005 20260306171542.0
008 260306s9999||||xx |||||||||||||| ||und||
041 _aESP
082 _a658.1599
_bB26
100 _aBassi, Eduardo
_eAUT
245 0 _aGlobalización de negocios:
_bconstruyendo estrategias competitivas
260 _c1997
300 _a175 pƔginas :
_c24 cm.
650 _aGEN
654 _aCAN
942 _cLIB
_dJUS
_fJUS
_2ddc
_n
999 _c17778
_d17778